La responsabilidad de las multitudes / (Record no. 192187)

MARC details
000 -LEADER
campo de control de longitud fija 01874nam a2200361 i 4500
001 - NÚMERO DE CONTROL
campo de control 192187
003 - IDENTIFICADOR DE NÚMERO DE CONTROL
campo de control ES-MaACL
005 - FECHA Y HORA DE LA ÚLTIMA TRANSACCIÓN
campo de control 20260311134240.0
008 - DATOS DE LONGITUD FIJA--INFORMACIÓN GENERAL
campo de control de longitud fija 221113s2018 sp 000 0 spa
020 ## - NÚMERO INTERNACIONAL ESTÁNDAR DEL LIBRO
Número Internacional Estándar del Libro 978-84-17325-24-4
040 ## - FUENTE DE CATALOGACIÓN
Lengua de catalogación spa
Centro/agencia transcriptor ES-MaACL
080 ## - NÚMERO DE LA CLASIFICACIÓN DECIMAL UNIVERSAL
Número de la Clasificación Decimal Universal 821.134.2 Azaña, Manuel 1.07
080 ## - NÚMERO DE LA CLASIFICACIÓN DECIMAL UNIVERSAL
Número de la Clasificación Decimal Universal 343.222
100 1# - ENTRADA PRINCIPAL--NOMBRE DE PERSONA
Nombre de persona Azaña, Manuel,
Fechas asociadas al nombre 1880-1940
9 (RLIN) 24223
Término indicativo de función/relación Autor
245 13 - MENCIÓN DEL TÍTULO
Título La responsabilidad de las multitudes /
Mención de responsabilidad, etc. Manuel Azaña ; estudio preliminar de Gabriel Moreno González.
250 ## - MENCION DE EDICION
Mención de edición Primera edición: marzo de 2018
260 ## - PUBLICACIÓN, DISTRIBUCIÓN, ETC.
Lugar de publicación, distribución, etc. Sevilla :
Nombre del editor, distribuidor, etc. Athenaica,
Fecha de publicación, distribución, etc. 2018.
300 ## - DESCRIPCIÓN FÍSICA
Extensión 85 páginas ;
Dimensiones 21 cm.
490 1# - MENCIÓN DE SERIE
Mención de serie Clásicos e inéditos del derecho público español
500 ## - NOTA GENERAL
Nota general Índice
504 ## - NOTA DE BIBLIOGRAFÍA, ETC.
Nota de bibliografía, etc. Referencias bibliográficas
520 ## - RESUMEN, ETC.
Sumario, etc. La responsabilidad de las multitudes: memoria doctoral presentada por Manuel Azaña Díaz el 3 de abril de 1900 y defendida el 26 de junio del mismo año en la Universidad Central de Madrid
530 ## - NOTA DISPONIBLE DE FORMULARIO FÍSICO ADICIONAL
Materiales especificados Disponible en formato digital: La responsabilidad de las multitudes: discurso leído por Manuel Azaña Diaz en la Universidad Central. Madrid, [1900] (Imp. de los Hijos de M. G. Hernández)
600 14 - PUNTO DE ACCESO ADICIONAL DE MATERIA--NOMBRE DE PERSONA
9 (RLIN) 24224
Nombre de persona Azaña, Manuel, 1880-1940-
Subdivisión general Crítica e interpretación
650 #4 - PUNTO DE ACCESO ADICIONAL DE MATERIA--TÉRMINO DE MATERIA
Término de materia o nombre geográfico como elemento de entrada Responsabilidad penal
9 (RLIN) 16869
700 1# - ENTRADA AGREGADA--NOMBRE PERSONAL
9 (RLIN) 234957
Nombre de persona Moreno González, Gabriel,
Fechas asociadas al nombre 1991-
Término indicativo de función/relación Editor literario
830 0# - PUNTO DE ACCESO ADICIONAL DE SERIE-TÍTULO UNIFORME
Título uniforme Clásicos e inéditos del derecho público español
9 (RLIN) 226109
852 4# - LOCALIZACIÓN
Ubicación ES-MaACL
Número de control de estantería N-8135
Sublocalización o colección R. 152692
Ubicación en estantería Depósito J
Nota libre Compra
itemnumber 199469
856 4# - LOCALIZACIÓN Y ACCESO ELECTRÓNICOS
Identificador Uniforme de Recursos <a href="https://bdh-rd.bne.es/viewer.vm?id=0000256769&page=1">https://bdh-rd.bne.es/viewer.vm?id=0000256769&page=1</a>
Texto de enlace Biblioteca Digital Hispánica - La responsabilidad de las multitudes: discurso leído por Manuel Azaña Diaz en la Universidad Central. Madrid, [1900] (Imp. de los Hijos de M. G. Hernández)
942 ## - ELEMENTOS DE ENTRADA SECUNDARIOS (KOHA)
Tipo de ítem Koha Libro impreso
Suprimir en OPAC No
Holdings
Estatus retirado Estado de pérdida Fuente del sistema de clasificación o colocación Estado de daño No para préstamo Biblioteca de origen Biblioteca actual Ubicación en estantería Fecha de adquisición Fuente de adquisición Número de control de estantería Total de préstamos Signatura topográfica completa Código de barras Visto por última vez Tipo de ítem Koha
    Clasificación decimal universal     Biblioteca del Ateneo de Madrid Biblioteca del Ateneo de Madrid Depósito J 13/11/2022 Compra Ateneísta   N-8135 101206436 23/02/2023 Libro impreso